Europäische Schäfer-, Landleben- und Idyllendichtung

Titel: Europäische Schäfer-, Landleben- und Idyllendichtung : eine Einladung zum Lesen / Klaus Garber
Verfasser:
Veröffentlicht: Göttingen : Wallstein Verlag, 2021
Umfang: 326 Seiten ; 22.2 cm x 14 cm
Format: Buch
Sprache: Deutsch
RVK-Notation:
Schlagworte:
ISBN: 3835336681 ; 9783835336681
Buchumschlag
X
alg: 47519405
001A    $00077:29-01-21 
001B    $04504:30-06-21 $t20:44:55.000 
001D    $00030:10-05-21 
001U    $0utf8 
001X    $00 
002@    $0Aau 
002C    $aText $btxt $2rdacontent 
002D    $aohne Hilfsmittel zu benutzen $bn $2rdamedia 
002E    $aBand $bnc $2rdacarrier 
003@    $0475194055 
003O    $01243511958 $aOCoLC 
004A    $03-8353-3668-1 
004A    $A978-3-8353-3668-1 $fFesteinband : circa EUR 29.90 
004K    $09783835336681 
006C    $01154268315 $aOCoLC 
006G    $01209564858 
006H    $0TOCNEUA2119 $2DNB 
006T    $020,N20 
006U    $021,A20 $f20200505 
007A    $01209564858 $aDNB 
007G    $0DE0064FCC7DC5F6D54553C12586D300229CFF 
009P    $qtext/html $A2 $3Inhaltstext $uhttp://deposit.dnb.de/cgi-bin/dokserv?id=a09335f589304574a8a4182f57dc653e&prov=M&dok_var=1&dok_ext=htm $mX:MVB 
009P    $qapplication/pdf $A2 $3Inhaltsverzeichnis $uhttp://scans.hebis.de/HEBCGI/show.pl?47519405_toc.pdf $mV:DE-603;B:DE-30 
010@    $ager 
010E    $erda 
011@    $a2021 $n2021 
021A    $aEuropäische Schäfer-, Landleben- und Idyllendichtung $deine Einladung zum Lesen $hKlaus Garber 
028A    $#Garber, K. $4aut $7120638835 $8Garber, Klaus$Z1937- [Tp1] $9123050561 
033A    $pGöttingen $nWallstein Verlag 
034D    $a326 Seiten 
034I    $a22.2 cm x 14 cm 
037A    $aLiteraturverzeichnis Seite 289-318 
039U    $aRezensiert in $8--Aou--Hübner, Klaus$Z1953- [Tp3]. Noch einmal das Abendland retten, 2021 $9480903778 
044K    $qDNB $RLiteratur $RIdylle $RGeorgik $#Pastoral poetry $#Poésie pastorale $#Arkadische Dichtung $#Bukolik $#Pastoraldichtung $#Schäferdichtung $#Arkadische Poesie $#Bukolische Dichtung $74069731-9 $8Hirtendichtung [Ts1] $9085196010 
044K    $qDNB $#Abendland $#Okzident $74015701-5 $8Europa [Tgz] $908503617X 
045E    $c800 
045R    $aGeschichte 60 v. chr.-1800 
045V    $804.05.00$jAntike und abendländische Literatur [Tkx] $9118843389 
045Z    $8ED 5645 [Tkv] $9407745319 
045Z    $8EC 8645 [Tkv] $9407737650 
045Z    $8EC 8650 [Tkv] $9407737669 

lok: 47519405 3
101B    $010-05-21 $t12:06:47.000 
101C    $010-05-21 
101U    $0utf8 
145S/01 $a720 

exp: 47519405 3 1 #EPN
201B/01 $010-05-21 $t12:08:50.000 
201C/01 $010-05-21 
201U/01 $0utf8 
203@/01 $01152204815 
208@/01 $a10-05-21 $bzAa 
209A/01 $a91.259.57 $du $f000 $h91 259 57 $x00 
209G/01 $a91259575 $x00 
247C/01 $8601000-3 <30>Frankfurt, Universitätsbibliothek J. C. Senckenberg, Zentralbibliothek (ZB) $9102598258 

exp: 47519405 3 2 #EPN
201B/02 $008-06-21 $t12:04:22.000 
201C/02 $021-05-21 
201U/02 $0utf8 
203@/02 $01154138097 
208@/02 $a08-06-21 $bzCh 
209A/02 $a01/ED 5645 G213 $du $f330 $h01 ED 5645 G213 $x00 
209B/02 $a4362 $x05 
209C/02 $aBzG-2021/1702 
209G/02 $a1005180689 $x00 
247C/02 $8601330-2 <30/330>Frankfurt, Universitätsbibliothek J. C. Senckenberg, Bibliothekszentrum Geisteswissenschaften (BzG) $9102599378 

lok: 47519405 25

exp: 47519405 25 1 #EPN
201B/01 $010-01-23 $t11:11:38.000 
201C/01 $029-01-21 
201U/01 $0utf8 
203@/01 $0113781683X 
208@/01 $a30-09-21 $bzic 
209A/01 $aL 62 - G 1 $dd $f070 $x00 
209C/01 $a21/237 Germanistik 
209G/01 $a77675704 $x00 
209G/01 $aGermanistik $x01 
247C/01 $8651070-x <77/070>Mainz, Universität Mainz, Bereichsbibliothek Philosophicum, Standorte Germanistik I / Kulturanthropologie und Germanistik II $9102600198 

lok: 47519405 62

exp: 47519405 62 1 #EPN
201B/01 $021-05-21 $t22:06:15.000 
201C/01 $021-05-21 
203@/01 $01154149145 
208@/01 $a21-05-21 $be 
209A/01 $a/ $f000 $x00 
209B/01 $a2021 $x05 
247C/01 $8Frankfurt, Bibliographie der Deutschen Sprach- und Literaturwissenschaft $9113214561 
201U/01 $0utf8 

lok: 47519405 78

exp: 47519405 78 1 #EPN
201B/01 $025-01-23 $t11:37:19.000 
201C/01 $025-01-23 
201U/01 $0utf8 
203@/01 $01225358086 
208@/01 $a25-01-23 $be 
209A/01 $a/ $f000 $x00 
209A/01 $ab*p $x01 
209A/01 $aBetr. auch Martin Opitz und Angelus Silesius $x03 
209B/01 $a3 $x05 
220C/01 $apgar 
244Z/01 $#Schlesien $#Schlesien $#Herzogtum Schlesien $#Herzogtum Schlesien Schlesien $#Provinz Schlesien $#Śla̜sk $#Slezsko $#Silesia $74052678-1 $8--Tg1--Schlesien $x01 $9085146781 
244Z/01 $#Opitz von Boberfeld, Martin $#Boberfeld, Martin Opitz von $#Opiz von Boberfeld, Martin $#Boberfeld, Martinus Opitius von $#Opitz, Martinus $#Opitz, Márton $#Opitzen, Martin $#Opitzen, Martinus $#Opiz, Martin $#Opitius, Martin $#Opitius, Mart. $#Opitzius, Martinus $#Opotius, Martinus $#Opizen von Boberfeld, Martin $#Oberfeld, Martin Opitz von $#Opic, Martin $#Opitius $#Opitz $#Opiz $#Opizen von Boberfeld $#M. O. V. B. $#O. V. B., M. $#B. M. V. O. $#M. O. Y. B. $#Opitius, Martinus $#Opicius, Martinus $#Theocritus, Valentin $#Der Gekrönte $#Gekrönte, Der $#O. V. B., M. $7118590111 $8--Tp1--Opitz, Martin$Z1597-1639 $x02 $9086931105 
244Z/01 $#Angélus, Silésius $#Angelus Silesius, Johannes $#Silesius, Johannes A. $#Silesius, Johannes $#Silesius, Johannes Angelus $#Johannes  $#Angelus, Johannes $#Silesius, ... $#Anioł  $#Angelus  $#Angelus, Johann $#Conscientiosus $#Christianus Conscientiosus $#Conscientiosus, Christianus $#J. S. $#Angelus, Silesius $#Angelus Silesius, ... $#Jean des Anges $#Anges, Jean des $#Silesius $#Angeluss  $#Silēziuss, Angeluss $#Silesius, Angelus $#Angelus Silesius $#Angelus Silesius $#Angelus Silezius $#Silesio, Johann Angelo $7118503111 $8--Tp1--$PAngelus$lSilesius$Z1624-1677 $x03 $908684427X 
247C/01 $82080>Marburg/Lahn, Herder-Institut, Forschungsbibliothek, Bibliographieportal $9336309341 

lok: 47519405 204

exp: 47519405 204 1 #EPN
201B/01 $010-06-21 $t12:11:36.000 
201C/01 $027-05-21 
201U/01 $0utf8 
203@/01 $01154446832 
208@/01 $a10-06-21 $bzUB 
209A/01 $a000 EC 8645 G213 $du $f000 $x00 
209G/01 $a64323385 $x00 
245S/01 $a15000 $x01 
247C/01 $8631000-x <26>Gießen, Universität Gießen, Universitätsbibliothek Gießen $9102596697 

lok: 47519405 205

exp: 47519405 205 1 #EPN
201B/01 $001-04-22 $t14:20:04.000 
201C/01 $023-02-22 
201U/01 $0utf8 
203@/01 $01183300255 
208@/01 $a01-04-22 $bz 
209A/01 $a001 ED 5645 G213 $db $f000 $x00 
209C/01 $anel2204ga 
209C/01 $a1 2022/02476 
209G/01 $a57433280 $x00 
247C/01 $8351000-1 <4>Marburg, Universität Marburg, Universitätsbibliothek $9102594767
LEADER 00000cam a2200000 c 4500
001 475194055
003 DE-603
005 20210630204455.0
007 tu
008 210129s2021 xx |||| | u00||u|ger
015 |a 21,A20  |z 20,N20  |2 dnb 
016 7 |2 DE-101  |a 1209564858 
020 |a 3835336681 
020 |a 9783835336681  |c Festeinband : circa EUR 29.90 
024 3 |a 9783835336681 
035 |a (DE-599)DNB1209564858 
035 |a (OCoLC)1243511958 
040 |a DE-603  |b ger  |c DE-603  |d DE-603  |e rda 
041 |a ger 
084 |a 800  |q DE-101  |2 sdnb 
084 |a ED 5645  |0 (DE-625)21270:  |0 (DE-603)407745319  |2 rvk 
084 |a EC 8645  |0 (DE-625)20941:  |0 (DE-603)407737650  |2 rvk 
084 |a EC 8650  |0 (DE-625)20942:  |0 (DE-603)407737669  |2 rvk 
100 1 |a Garber, Klaus  |d 1937-  |4 aut  |0 (DE-603)123050561  |0 (DE-588)120638835  |2 gnd 
245 0 0 |a Europäische Schäfer-, Landleben- und Idyllendichtung  |b eine Einladung zum Lesen  |c Klaus Garber 
264 1 |a Göttingen  |b Wallstein Verlag  |c 2021 
300 |a 326 Seiten  |c 22.2 cm x 14 cm 
336 |a Text  |b txt  |2 rdacontent 
337 |a ohne Hilfsmittel zu benutzen  |b n  |2 rdamedia 
338 |a Band  |b nc  |2 rdacarrier 
500 |a Literaturverzeichnis Seite 289-318 
648 7 |a Geschichte 60 v. chr.-1800  |2 gnd 
650 7 |a Hirtendichtung  |0 (DE-588)4069731-9  |0 (DE-603)085196010  |2 gnd 
651 7 |a Europa  |0 (DE-588)4015701-5  |0 (DE-603)08503617X  |2 gnd 
787 0 8 |i Rezensiert in  |a Hübner, Klaus, 1953-  |t Noch einmal das Abendland retten  |w (DE-603)480903778 
856 4 2 |m X:MVB  |q text/html  |u http://deposit.dnb.de/cgi-bin/dokserv?id=a09335f589304574a8a4182f57dc653e&prov=M&dok_var=1&dok_ext=htm  |3 Inhaltstext 
856 4 2 |m V:DE-603;B:DE-30  |q application/pdf  |u http://scans.hebis.de/HEBCGI/show.pl?47519405_toc.pdf  |3 Inhaltsverzeichnis 
924 0 |9 30  |a (DE-603)1152204815  |b DE-30  |c HES  |d c  |g 91.259.57 
924 0 |9 30/330  |a (DE-603)1154138097  |b DE-30-330  |c HES  |d d  |g 01/ED 5645 G213 
924 0 |9 77/070  |a (DE-603)113781683X  |b DE-77-070  |c HES  |d d  |g L 62 - G 1 
924 0 |9 603  |a (DE-603)1154149145  |b DE-603  |c HES  |d d 
924 0 |9 2080  |a (DE-603)1225358086  |b DE-2080  |c HES  |d d  |g / 
924 0 |9 26  |a (DE-603)1154446832  |b DE-26  |c HES  |d c  |g 000 EC 8645 G213 
924 0 |9 4  |a (DE-603)1183300255  |b DE-4  |c HES  |d c  |g 001 ED 5645 G213